Home Print Resources E-Books E-Journals IIMT Lecture Series Library Membership Form Book Recommendation Form Campus Tour Take AdmissionAbout Us Contact Us

The essentials fingerfood cookbook (Record no. 7108)

000 -LEADER
fixed length control field 00363nam a2200157Ia 4500
003 - CONTROL NUMBER IDENTIFIER
control field OSt
005 - DATE AND TIME OF LATEST TRANSACTION
control field 20240318105754.0
008 - FIXED-LENGTH DATA ELEMENTS--GENERAL INFORMATION
fixed length control field 170524s9999 xx 000 0 und d
020 ## - INTERNATIONAL STANDARD BOOK NUMBER
International Standard Book Number 1571459618
040 ## - CATALOGING SOURCE
Transcribing agency IIMTU MEERUT
100 ## - MAIN ENTRY--PERSONAL NAME
Personal name Stephen-Wendy
245 #4 - TITLE STATEMENT
Title The essentials fingerfood cookbook
260 ## - PUBLICATION, DISTRIBUTION, ETC.
Name of publisher, distributor, etc. Murdoch Books
260 ## - PUBLICATION, DISTRIBUTION, ETC.
Date of publication, distribution, etc. 1998
942 ## - ADDED ENTRY ELEMENTS (KOHA)
Source of classification or shelving scheme
Koha item type Book Bank
Holdings
Withdrawn status Lost status Source of classification or shelving scheme Damaged status Not for loan Home library Current library Date acquired Coded location qualifier Barcode Date last seen Uniform Resource Identifier Price effective from Koha item type Public note Full call number
          IIMT University Central Library Meerut IIMT University Central Library Meerut 06/01/2017 Department 01-B-76611 06/01/2017 hotel management 06/01/2017 Book Bank / Loan Books Central Library to Hotel Management Departmental Library  
          IIMT University Central Library Meerut IIMT University Central Library Meerut 06/01/2017   01-B-76612 06/01/2017 hotel management 06/01/2017 Reference Book   R
          IIMT University Central Library Meerut IIMT University Central Library Meerut 06/01/2017   01-B-76613 06/01/2017 hotel management 06/01/2017 Book Bank    
IIMT, Central Library. All Rights Reserved IIMT,UNIVERSITY © 2023
Implemented and Customised by I CLOUDE EMS
You Are OPAC Visitor No
free web counter

Powered by Koha